|
|
|
|
| LEADER |
00000cam a2200000 a 4500 |
| 001 |
vtls010119511 |
| 003 |
SK-MaSNL |
| 005 |
20260301213006.0 |
| 008 |
240318s2010 xo dl f m 000 0 slo |
| 015 |
|
|
|a SNBA2010/10-05502
|
| 020 |
|
|
|a 9788022732871
|q (brož.)
|
| 035 |
|
|
|a 2E3B0D37-DAA5-4B80-95C9-713F1D591C24
|
| 035 |
|
|
|a urn:nbn:sk:snk-amkaof
|
| 035 |
|
|
|a urn:nbn:sk:snk-am003ce1
|
| 040 |
|
|
|a SNK
|b slo
|c SNK
|e AACR2
|
| 041 |
0 |
|
|a slo
|b eng
|
| 044 |
|
|
|a xo
|c SK
|
| 072 |
|
7 |
|a 620.1/.2
|x Náuka o materiáli
|2 konspekt
|
| 080 |
|
|
|a 531/534-027.22
|2 2001
|
| 080 |
|
|
|a 620.2-026.5/.8
|2 2001
|
| 080 |
|
|
|a 629.5.023.121
|2 2001
|
| 080 |
|
|
|a (043.5)
|2 2001
|
| 100 |
1 |
|
|a Kutiš, Vladimír,
|d 1975-
|4 aut
|9 133713
|
| 245 |
1 |
0 |
|a Modelovanie FGM a piezoelektrických nosníkových prvkov pomocou MKP
|b autoreferát habilitačnej práce k habilitačnému pokračovaniu za docenta v odbore Aplikovaná mechanika
|c Vladimír Kutiš
|
| 250 |
|
|
|a 1. vyd.
|
| 260 |
|
|
|a Bratislava
|b Slovenská technická univerzita
|c 2010
|
| 300 |
|
|
|a 27 s.
|b grafy, sch..
|c 21 cm
|
| 366 |
|
|
|e 50 výt. Nepredajné
|
| 490 |
1 |
|
|a Edícia kvalifikačných prác
|
| 504 |
|
|
|a Bibliogr. s. 26-27
|
| 546 |
|
|
|a Res. angl.
|
| 650 |
0 |
7 |
|a aplikovaná mechanika
|2 SNKPH
|9 67998
|
| 650 |
0 |
7 |
|a vlastnosti materiálov
|2 SNKPH
|9 69700
|
| 650 |
0 |
7 |
|a nosníky
|2 SNKPH
|9 376886
|
| 650 |
0 |
7 |
|a Applied mechanics
|2 SNKPHeng
|9 329004
|
| 650 |
0 |
7 |
|a Materials properties
|2 SNKPHeng
|9 274717
|
| 655 |
|
7 |
|a habilitačné práce
|2 SNKPH
|9 70777
|
| 655 |
|
7 |
|a Habilitation theses
|2 SNKPHeng
|9 316692
|
| 810 |
2 |
|
|a Slovenská technická univerzita v Bratislave.
|b Strojnícka fakulta
|t Edícia kvalifikačných prác
|9 184599
|
| 830 |
|
0 |
|a Edícia kvalifikačných prác
|9 320134
|
| 852 |
|
|
|a Štátna vedecká knižnica v Banskej Bystrici
|
| 919 |
|
|
|a 978-80-227-3287-1
|
| 958 |
|
|
|a NB
|
| 958 |
|
|
|a OND
|
| 968 |
|
|
|d 53+54
|
| 999 |
|
|
|c 920013
|d 921943
|
| 952 |
|
|
|a SNK
|b SNK
|y VYP
|7 0
|p 17A0666480
|o snkSC 141417 D1
|i snk2010/16156
|8 0
|0 0
|1 0
|4 0
|d 2010-07-29
|l 0
|r 2026-02-24 08:12:39
|w 2026-02-24
|
| 952 |
|
|
|a SNK
|b SNK
|y PREZ
|7 0
|p 17A0666481
|o snkSC 141417
|i snk2010/16155
|8 0
|0 0
|1 0
|4 0
|d 2010-07-29
|f 1
|l 0
|r 2025-07-09 00:00:00
|w 2026-02-24
|